000 00821cab a2200265 4500
001 WB3140-45
008 090401t1995 xxu||||| |||| 00| 0 eng d
035 _a(Sirsi) u9266
041 _aeng
245 _aCoppice willow contracts
260 _c1995
350 _a0
490 _aFarmers' Weekly
_v123(16) 20 October 1995, 10(1)
520 _aYorkshire Water`s plans to build a wood chip fuelled generating plant has led to demand for nearby farmers to commit 4,500 acres of land to coppice willow production
650 _aALTERNATIVE CROPS
650 _aALTERNATIVE FUELS
650 _aCOPPICE WILLOW
650 _aFARM DIVERSIFICATION
650 _aWILLOW
650 _aWOOD CHIP FUEL
650 _aWOOD CHIP FUELLED GENERATING PLANT
690 _aRURAL PRACTICE
942 _n0
948 _c04/03/1997
999 _c5758
_d5758